• 首页
  • 本馆介绍
  • 公告通知
  • 最新文献
  • 馆藏检索
  • 电子资源
  • 读者导购
  • 参考咨询
  • 我的图书馆
  • 登录
  • 详细信息显示
  • 放入我的书架
  • 预约/预借图书
  • 作者相关作品
  • 分类相关作品
  • 丛书相关作品
  • 出版社相关作品

书目信息

  • 表格格式
  • 工作单格式
  • 卡片格式
题名:
环境产权经济学
    
 
作者: 蓝虹著
分册:  
出版信息: 北京   中国人民大学出版社  2005
页数: 10,309页
开本: 23cm
丛书名: 环境经济学与政策丛书
单 册:
中图分类: F014.1
科图分类:
主题词: 环境经济学--产权 , 产权 , 环境经济学
电子资源:
ISBN: 7-300-06472-8
000 01033nam0 2200313 450
000 01051nam0 2200313 450
000 00982nam0 2200289 450
000 00946nam0 2200277 45
005 20070725151048.23
010    @a7-300-06472-8@dCNY25.00
100    @a20070626d2005 em y0chiy0120 ea
101 1  @achi@aeng
102    @aCN@b110000
105    @ay z 000yy
200 1  @a环境产权经济学@AHuan Jing Chan Quan Jing Ji Xue@f蓝虹著@FLan Hong Zhu
210    @a北京@c中国人民大学出版社@d2005
215    @a10,309页@d23cm
225 2  @a环境经济学与政策丛书
300    @a本书提出了如何通过明晰产权,以市场化方式解决环境资源市场配置中的市场失灵,并全面建构了环境产权经济学的理论框架。
410  0 @12001 @a环境经济学与政策丛书
510 1  @aEconomics of Environmental Property Right@zeng
606 0  @a环境经济学@x产权
606 0  @a产权
606 0  @a环境经济学
610 1  @a环境产权经济学
690    @aF014.1@v4
701  1 @c(畲)蓝虹@c(女,@f1971~)@4著
801  0 @aCN@bTAOJIN@c20070725
905    @a10447@dF014.1@e325
    
    环境产权经济学/蓝虹著.-北京:中国人民大学出版社,2005
    10,309页;23cm.-(环境经济学与政策丛书 )
    本书提出了如何通过明晰产权,以市场化方式解决环境资源市场配置中的市场失灵,并全面建构了环境产权经济学的理论框架。
    
    ISBN 7-300-06472-8:CNY25.00
    
●
相关链接 在E读中查询图书 在五车中查询图书 在当当中查询图书 在豆瓣中查询图书


正题名:环境产权经济学     索取号:F014.1/325         预约/预借

序号 登录号 条形码 馆藏地/架位号 状态 备注
1 0825820   208258204   第一样本阅览室/ [索取号:F014.1/325] 在馆    
2 0825821   208258213   第一借阅区/ [索取号:F014.1/325] 在馆    
3 0825822   208258222   第一借阅区/ [索取号:F014.1/325] 在馆    
4 0825823   208258231   第一借阅区/ [索取号:F014.1/325] 在馆    
5 0825824   208258240   第一借阅区/ [索取号:F014.1/325] 在馆    
6 0825825   208258259   第一借阅区/ [索取号:F014.1/325] 在馆    
7 0825826   208258268   第一借阅区/ [索取号:F014.1/325] 在馆    
唐山师范学院图书馆 欢迎您!
大连网信软件有限公司© 版权所有